00537nam a22001457a 4500003000900000005001700009008004100026040002300067082001300090100001800103245008900121260004800210300002200258651011100280BDDh-ASL20231015025751.0201122s2001 ii ||||| |||| 00| 0 eng d aBDDh-ASLcBDDh-ASL a297bJAS1 aJalal, Ayesha10aSelf and Sovereignty:bIndividual and Community in South Asian Islamic Since 1850 /  aNew Delhi:bOxford University Pressc2001.  a630 p. :c25 cm.  0aSouth Asia, দক্ষিণ এশিয়া, Dakṣiṇa ēśiẏāxHistoryxIslamxMuslimy1850